| 000 -LEADER |
| fixed length control field |
00917cam a2200253 i 4500 |
| 003 - CONTROL NUMBER IDENTIFIER |
| control field |
OSt |
| 005 - DATE AND TIME OF LATEST TRANSACTION |
| control field |
20200316162304.0 |
| 008 - FIXED-LENGTH DATA ELEMENTS--GENERAL INFORMATION |
| fixed length control field |
170807s2018 nju o 001 0 eng |
| 020 ## - INTERNATIONAL STANDARD BOOK NUMBER |
| Cancelled/invalid ISBN |
9780470537176 (cloth) |
| 040 ## - CATALOGING SOURCE |
| Original cataloging agency |
DLC |
| Language of cataloging |
eng |
| Description conventions |
rda |
| Transcribing agency |
DLC |
| Modifying agency |
DLC |
| 082 00 - DEWEY DECIMAL CLASSIFICATION NUMBER |
| Classification number |
307.1216 |
| Edition number |
23 |
| Item number |
FAR |
| 100 1# - MAIN ENTRY--PERSONAL NAME |
| Personal name |
Farr, Douglas, |
| Relator term |
author. |
| 245 10 - TITLE STATEMENT |
| Title |
Sustainable nation : |
| Remainder of title |
urban design patterns for the future / |
| Statement of responsibility, etc |
by Douglas Farr. |
| 300 ## - PHYSICAL DESCRIPTION |
| Extent |
1 online resource. |
| 500 ## - GENERAL NOTE |
| General note |
Includes index. |
| 650 #0 - SUBJECT ADDED ENTRY--TOPICAL TERM |
| Topical term or geographic name as entry element |
Sustainable urban development. |
| 650 #0 - SUBJECT ADDED ENTRY--TOPICAL TERM |
| Topical term or geographic name as entry element |
City planning |
| General subdivision |
Environmental aspects. |
| 650 #0 - SUBJECT ADDED ENTRY--TOPICAL TERM |
| Topical term or geographic name as entry element |
Urban ecology (Sociology) |
| 650 #0 - SUBJECT ADDED ENTRY--TOPICAL TERM |
| Topical term or geographic name as entry element |
Urban health. |
| 776 08 - ADDITIONAL PHYSICAL FORM ENTRY |
| Display text |
Print version: |
| Main entry heading |
Farr, Douglas, author. |
| Title |
Sustainable nation |
| Place, publisher, and date of publication |
Hoboken, New Jersey : John Wiley & Sons, Inc., [2018] |
| International Standard Book Number |
9780470537176 |
| Record control number |
(DLC) 2017024943 |
| 906 ## - LOCAL DATA ELEMENT F, LDF (RLIN) |
| a |
7 |
| b |
cbc |
| c |
origcop |
| d |
1 |
| e |
ecip |
| f |
20 |
| g |
y-gencatlg |
| 942 ## - ADDED ENTRY ELEMENTS (KOHA) |
| Source of classification or shelving scheme |
|
| 955 ## - COPY-LEVEL INFORMATION (RLIN) |
| Classification number, CCAL (RLIN) |
ecip ebook 2017-08-07 |